Catalog

Record Details

Catalog Search



Ucelená rehabilitace dětí s tělesným a kombinovaným postižením : somatopedická a psychologická hlediska  Cover Image Book Book

Ucelená rehabilitace dětí s tělesným a kombinovaným postižením : somatopedická a psychologická hlediska / Jiří Jankovský

Jankovský, Jiří (Author).

Record details

  • ISBN: 80-7254-192-7
  • Physical Description: 158 s., [8] s. obr. příl. : barev. il. ; 20 cm
  • Edition: Vyd. 1.
  • Publisher: Praha : Triton, 2001

Content descriptions

General Note:
Anglické resumé
Bibliography, etc. Note:
Obsahuje bibliografii a rejstřík
Subject: děti s kombinovaným postižením
léčebná rehabilitace
děti s tělesným postižením
Children with disabilities > Rehabilitation
Genre: příručky

Available copies

  • 3 of 3 copies available at Common Catalog SPOK.

Holds

  • 0 current holds with 3 total copies.
Show All Copies
Location Call Number / Copy Notes Barcode Shelving Location Status Due Date
Jabok Library PeS-5/J 424480014261 Odborná literatura Available -
Jabok Library PeS-5/J 424480014268 Odborná literatura Available -
Jabok Library PeS-5/J 424480036979 Odborná literatura Available -

LDR 01378nam a2200385 a 4500
00113632
003CZ-PrJAB
00520191107091514.0
007tu
008011213s2001 xr af e 001 0 cze
015 . ‡acnb001032161
020 . ‡a80-7254-192-7 ‡q(brož.)
035 . ‡a(CZ PrNK)cpk20011032161
035 . ‡a(OCoLC)51191657
040 . ‡aABA001 ‡bcze
0410 . ‡acze ‡beng
072 7. ‡a615.8 ‡xFyzioterapie. Psychoterapie. Alternativní lékařství ‡2Konspekt ‡914
080 . ‡a316.344.6-056.26/.29-053.2 ‡2MRF
080 . ‡a316.344.6-056.26/.3-053.2 ‡2MRF
080 . ‡a615.8 ‡2MRF
080 . ‡a(035) ‡2MRF
1001 . ‡aJankovský, Jiří ‡4aut
24510. ‡aUcelená rehabilitace dětí s tělesným a kombinovaným postižením : ‡bsomatopedická a psychologická hlediska / ‡cJiří Jankovský
250 . ‡aVyd. 1.
260 . ‡aPraha : ‡bTriton, ‡c2001
300 . ‡a158 s., [8] s. obr. příl. : ‡bbarev. il. ; ‡c20 cm
500 . ‡aAnglické resumé
504 . ‡aObsahuje bibliografii a rejstřík
65007. ‡aděti s kombinovaným postižením ‡7ph119711 ‡2czenas
65007. ‡aléčebná rehabilitace ‡7ph122527 ‡2czenas
65007. ‡aděti s tělesným postižením ‡7ph116514 ‡2czenas
65009. ‡aChildren with disabilities ‡xRehabilitation ‡2eczenas
655 7. ‡apříručky ‡7fd133209 ‡2czenas
910 . ‡aABG312
995 . ‡aska
901 . ‡a13632 ‡bCZ PrNK ‡c13632 ‡tbiblio

Additional Resources